| 000 | 00564nam a2200169Ia 4500 | ||
|---|---|---|---|
| 999 |
_c8030 _d8030 |
||
| 003 | OSt | ||
| 005 | 20200118131549.0 | ||
| 008 | 190216s9999||||xx |||||||||||||| ||und|| | ||
| 020 | _a9780333902752 | ||
| 040 | _coclc | ||
| 082 |
_a658.8 _bDHO/M |
||
| 100 |
_aDholakia, Nikhilesh _91254 |
||
| 245 | 0 |
_aMarketing Management Cases And Concepts / _cNikhilesh Dholakia ; Rakesh Khurana ; Labdhi Bhandri ; Abinandan K Jain |
|
| 260 |
_bMac Millian And Com. Ltd, _c2010. _aChennai: |
||
| 300 | _a643p | ||
| 942 |
_cBK _2ddc _h658.8 _iDHO/M _k658.8 _mDHO/M |
||